| 000 | 01417nam0a2200349 i 4500 | ||
|---|---|---|---|
| 001 | RU\NLR\BIBL_A\011215832 | ||
| 005 | 20240921183252.0 | ||
| 010 |
_a9785906137531 _91000 |
||
| 021 |
_aRU _b2016-67823 _94361 |
||
| 035 | _a(NILC)LIBNET\0000679594 | ||
| 035 | _a(NLR Aleph) 011215832 | ||
| 090 |
_a11996357 _c11996357 |
||
| 100 | _a20160920d2015 k y0rusy50 ca | ||
| 101 | 0 | _arus | |
| 102 | _aRU | ||
| 105 | _ay|||z|||000yy | ||
| 200 | 1 |
_aДоктринирование уголовно-судебного права России XII-XIX веков _eмонография _fН.В. Стус _gМ-во образования Рос. Федерации |
|
| 210 |
_aСтаврополь _cДизайн-студия Б _d2015 |
||
| 215 |
_a353 с. _d23 |
||
| 320 | _aБиблиогр.: с. 315-353 (633 назв.) и в подстроч. примеч. | ||
| 606 | 1 |
_aСудебное право _xИстория _yРоссия _92198909 _3RU\NLR\AUTH\6601556522 |
|
| 606 | 1 |
_aСудопроизводство _yРоссия _92366341 _3RU\NLR\AUTH\661412709 |
|
| 686 |
_a67.3(2) _vLBC/M _2rubbk |
||
| 686 | 1 | _aХ2(2)0-523 | |
| 686 | 1 | _aХ2(2)0-62 | |
| 686 | 1 | _aХ891.9(2) | |
| 700 | 1 |
_aСтус _bН. В. _gНина Владимировна |
|
| 801 | 0 |
_aRU _bСтавропольская ГКУНБ _c20160712 _grcr |
|
| 942 | _cBOOK | ||
| 980 | _aNBR | ||